| 000 | 00520nam a22001817a 4500 | ||
|---|---|---|---|
| 999 |
_c189292 _d189292 |
||
| 005 | 20220623104552.0 | ||
| 010 | _aENG-133332 | ||
| 020 |
_a9788192557146 _c750.00 |
||
| 035 | _aEN-116864 | ||
| 037 | _bDBAD/PUB | ||
| 082 | _a759.954 | ||
| 100 | _aNigam,Shanti | ||
| 245 |
_aCave Paintings of India/ _cShanti Nigam |
||
| 260 |
_aAllahabad _bAnurag Publication _c2017 |
||
| 270 |
_a116/70, Lukerganj _bAllahbad _e211001 |
||
| 300 |
_a240p. _c21cm(hbk) _bBibliography |
||
| 942 |
_2ddc _cEN _h759.954 _mNIG |
||